ბათუმის შოთა რუსთაველის სახელმწიფო უნივერსიტეტის ბიბლიოთეკა

ცხელი ყინული (ბიბ.ჩანაწერი № 48831)

000 -LEADER
fixed length control field 00735nam a2200217Ia 4500
001 - CONTROL NUMBER
control field 15733
003 - CONTROL NUMBER IDENTIFIER
control field GE_BSU
008 - FIXED-LENGTH DATA ELEMENTS--GENERAL INFORMATION
fixed length control field 181216s||||||||xx |||||||||||||| ||und||
040 ## - CATALOGING SOURCE
Transcribing agency GE_BSU
080 ## - UNIVERSAL DECIMAL CLASSIFICATION NUMBER
Universal Decimal Classification number 82-93
100 ## - MAIN ENTRY--PERSONAL NAME
Personal name ხორგუაშვილი, გიორგი
245 ## - TITLE STATEMENT
Title ცხელი ყინული
245 ## - TITLE STATEMENT
Remainder of title დიმო: მოთხრობები. უფრ. სასკოლო ასკის ბავშვებისათვის
260 ## - PUBLICATION, DISTRIBUTION, ETC.
Place of publication, distribution, etc. თბილისი
260 ## - PUBLICATION, DISTRIBUTION, ETC.
Name of publisher, distributor, etc. ნაკადული
260 ## - PUBLICATION, DISTRIBUTION, ETC.
Date of publication, distribution, etc. 1982
300 ## - PHYSICAL DESCRIPTION
Extent 182გვ. ; 20სმ
653 ## - INDEX TERM--UNCONTROLLED
Uncontrolled term დიმო: მოთხრობები.
653 ## - INDEX TERM--UNCONTROLLED
Uncontrolled term ცხელი ყინული
942 ## - ADDED ENTRY ELEMENTS (KOHA)
Koha item type წიგნი
ეგზემპლარები
Withdrawn status Lost status Damaged status Not for loan Date acquired Barcode Date last seen Price effective from Koha item type
        2018-12-17 39388 2018-12-17 2018-12-17 წიგნი
        2018-12-17 39389 2018-12-17 2018-12-17 წიგნი